Score 0/20 Timer 10:00
0 Plays Today
bbl/1000 people/day Country % Correct
572Saudi Arabia
94.6%
696Kuwait
93.7%
339United Arab Emirates
92.8%
714Qatar
88.3%
72Iraq
85.6%
294Oman
83.8%
94Canada
83.8%
91Venezuela
83.8%
468Norway
81.1%
342Libya
68.5%
bbl/1000 people/day Country % Correct
95Angola
60.4%
92Kazakhstan
58.6%
111Azerbaijan
55.9%
345Brunei
52.3%
481Equatorial Guinea
51.4%
158Gabon
38.7%
115Trinidad and Tobago
33.3%
66Republic of the Congo
33.3%
90Timor-Leste
24.3%
111Suriname
22.5%
Remove Ads.
Support Sporcle.
Get the best of Sporcle when you Go Orange. This ad-free experience offers more features, more stats, and more fun while also helping to support Sporcle. Thank you for becoming a member.

You're not logged in!

Compare scores with friends on all Sporcle quizzes.
OR
Log In

Show Comments

Extras

Created Jun 30, 2012SourceReportNominate
Tags:Country Quiz, barrel, oil

Top Quizzes Today


Score Distribution

Your Account Isn't Verified!

In order to create a playlist on Sporcle, you need to verify the email address you used during registration. Go to your Sporcle Settings to finish the process.

Report this User

Report this user for behavior that violates our Community Guidelines.

Details: